000 02913nam a22002777a 4500
005 20240305165509.0
007 cr|||| ||||
008 180524s2018 mx |||||s|||| 00||0 spa d
020 _a978-607-629-234-1
035 _a21734
040 _avLex
090 _c7994
_d7994
100 1 _aRico Munguia, José
245 1 0 _aManual de impuesto al valor agregado
_h[Recurso electrónico] :
_bParte general 2018 /
_cJosé Rico Munguia
256 _aServicio en línea
260 _aCiudad de México:
_bTax Editores,
_c2018
300 _a1 recurso electrónico
500 _aCuando se busca un libro para estudiar o complementar temas fiscales, es común encontrar obras que se refieren a situaciones específicas, sin considerar los antecedentes, las exposiciones de motivos, la explicación de conceptos y los razonamientos necesarios para comprender las primeras. Estudiantes de contaduría, derecho e interesados en el estudio del impuesto al valor agregado (IVA) requieren materiales que aborden de manera sencilla situaciones básicas y razonamientos concretos, por ejemplo, cuáles son los actos o las actividades que generan el impuesto, cuándo se tiene la obligación de pagarlo, en qué casos no se paga el impuesto y cuáles son las obligaciones de los contribuyentes, entre otros. Lo anterior permitirá advertir y comprender situaciones más complejas, por ejemplo, por qué razón el IVA afecta a los consumidores finales y no a quienes causan el impuesto, salvo cuando se trata de importadores de bienes y servicios, por qué la tasa de 0% rompe el valor agregado generando un problema al Estado cuando le solicitan saldos a favor de IVA que no fue enterado por los proveedores, por qué una sociedad que presta servicios de maquila sólo puede generar saldos a favor mínimos de IVA, que sólo se acredita el IVA cuando se paga efectivamente, mientras que se causa con supuestos adicionales al flujo de efectivo. Desarrollar razonamientos básicos, con base en explicaciones sencillas y diagramas que resuman el contenido de la ley que regula el IVA, es la tarea que ha realizado José Rico Munguía en esta primera obra referida a la parte general de dicho impuesto, gracias al apoyo del Centro Universitario de Estudios Jurídicos y de Tax Editores, quienes fomentan la creación de este tipo de literatura.
506 1 _aDisponible solo en los productos indicados
_dvLex Global
_dvLex Global (Academic Edition, excluding Law Schools)
_dvLex Global (U.S. Academic Edition, Law Schools)
_dvLex Global (U.S. Academic Edition, excluding Law Schools)
_dvLex Global (Academic Edition, Law Schools)
650 0 4 _aDerecho Mercantil y de la Empresa
_zMéxico
650 0 4 _aDerecho Fiscal
_zMéxico
650 0 4 _aIVA
_zMéxico
740 0 _avLex Libros (Servicio en línea)
856 4 0 _uhttps://app.vlex.com/#/sources/manual-de-impuesto-al-valor-agregado-parte-general-2018-21734
942 _cRAA
999 _c166231
_d166231